000 00400nam a2200169Ia 4500
008 210210b1862 xxu||||| |||| 00| 0 eng d
041 _aeng
082 _a444/526
100 _aSAINTE (Beuve)
245 _aPortraits litteraires III
260 _aParis
_bLibrairie Garnier Freres
_c1862
650 _aPortraits
650 _alitteraires
650 _aIII
690 _aFrench
906 _a006720
999 _c129710
_d129710